书目信息 |
| 题名: |
新时代的精神
|
|
| 作者: | 滕尼斯 编著 ;林荣远 译 | |
| 分册: | ||
| 出版信息: | 北京 北京大学出版社 2006.06 |
|
| 页数: | 242页 | |
| 开本: | 23cm | |
| 丛书名: | 社会学译丛 | |
| 单 册: | ||
| 中图分类: | D095.16 | |
| 科图分类: | ||
| 主题词: | 政治社会学--zheng zhi she hui xue--研究--德国 | |
| 电子资源: | ||
| ISBN: | 7-301-10814-1 | |
| 000 | 01080nam 2200277 450 | |
| 001 | 012007529303 | |
| 005 | 20070928111834.51 | |
| 010 | @a7-301-10814-1@dCNY32.00 | |
| 100 | @a20070724d2006 km y0chiy0120 ea | |
| 101 | 1 | @achi@cger |
| 102 | @aCN@b110000 | |
| 105 | @ay z 000yy | |
| 200 | 1 | @a新时代的精神@Axin shi dai de jing shen@f(德) 斐迪南·滕尼斯编著@F(de)fei di nan·teng ni si bian zhu@g林荣远译@Glin rong yuan yi |
| 210 | @a北京@c北京大学出版社@d2006.06 | |
| 215 | @a242页@d23cm | |
| 225 | 2 | @a社会学译丛@Ashe hui xue yi cong |
| 312 | @a德文并列题名取自书中。 | |
| 330 | @a作者从社会学的视角来观察新时代欧洲的经济、政治和精神各领域里的进化和革命以及社会关系的深刻变化,对社会转型过程中社会关系的发展和变化有独到的见解和精辟的论述。 | |
| 410 | 0 | @12001 @a社会学译丛 |
| 500 | 10 | @aGeist der neuzeit@mChinese |
| 606 | 0 | @a政治社会学@Azheng zhi she hui xue@x研究@y德国 |
| 690 | @aD095.16@v4 | |
| 701 | 1 | @a滕尼斯@Ateng ni si@g(Tonnies, Ferdinand),@f1855-1936@4编著 |
| 702 | 0 | @a林荣远@Alin rong yuan@4译 |
| 801 | 0 | @aCN@c20070928 |
| 905 | @dD095.16@eT420 | |
| 新时代的精神/(德) 斐迪南·滕尼斯编著/林荣远译.-北京:北京大学出版社,2006.06 |
| 242页;23cm.-(社会学译丛) |
| ISBN 7-301-10814-1:CNY32.00 |
| 作者从社会学的视角来观察新时代欧洲的经济、政治和精神各领域里的进化和革命以及社会关系的深刻变化,对社会转型过程中社会关系的发展和变化有独到的见解和精辟的论述。 |
| ● |
| 相关链接 |
|
|
|
正题名:新时代的精神
索取号:D095.16/T420
 
预约/预借
| 序号 | 登录号 | 条形码 | 馆藏地/架位号 | 状态 | 备注 |
| 1 | 246954 | 202469541 | 社科库509/509社科库 68排4列6层/ [索取号:D095.16/T420] | 在馆 | |
| 2 | 246955 | 202469550 | 法学院资料室/ [索取号:D095.16/T420] | 在馆 |